书目信息 |
| 题名: |
药物交互作用与禁忌
|
|
| 作者: | ;中国药学会上海分会 编译 | |
| 分册: | ||
| 出版信息: | 上海 上海科学技术出版社 1980 |
|
| 页数: | 339页 | |
| 开本: | 20cm | |
| 丛书名: | ||
| 单 册: | ||
| 中图分类: | R942 | |
| 科图分类: | ||
| 主题词: | 配伍禁忌 | |
| 电子资源: | ||
| ISBN: | 14119.1427 | |
| 000 | 00667nam0 2200229 450 | |
| 001 | 0180012522 | |
| 005 | 20100712215928.0 | |
| 010 | @a14119.1427@dCNY1.20 | |
| 091 | @a14119.1427 | |
| 100 | @a19971201d1980 em y0chiy0110 ea | |
| 101 | 1 | @achi |
| 102 | @aCN@b310000 | |
| 105 | @ay z 001yy | |
| 106 | @ar | |
| 200 | 1 | @a药物交互作用与禁忌@9Yao Wu Jiao Hu Zuo Yong Yu Jin Ji @f中国药学会上海分会编译 |
| 210 | @a上海@c上海科学技术出版社@d1980 | |
| 215 | @a339页@d20cm | |
| 606 | 0 | @a配伍禁忌 |
| 690 | @aR942@v3 | |
| 711 | 02 | @a中国药学会上海分会@9zhong guo yao xue hui shang hai fen hui@4编译 |
| 801 | 0 | @aCN@bAzMarc@c20130904 |
| 905 | @aBZT@dR942@e1@f3@sR942/1 | |
| 药物交互作用与禁忌/中国药学会上海分会编译.-上海:上海科学技术出版社,1980 |
| 339页;20cm |
| ISBN 14119.1427:CNY1.20 |
| ● |
| 相关链接 |
|
|
|
正题名:药物交互作用与禁忌
索取号:R942/1
 
预约/预借
| 序号 | 登录号 | 条形码 | 馆藏地/架位号 | 状态 | 备注 |
| 1 | 2000117425 | 2000117425 | 旧书回溯/ [索取号:R942/1] | 在馆 | |
| 2 | 2000117426 | 2000117426 | 旧书回溯/ [索取号:R942/1] | 在馆 | |
| 3 | 2000151504 | 2000151504 | 旧书回溯/ [索取号:R942/1] | 在馆 |